| 000 | 00605nam a2200205 a 4500 | ||
|---|---|---|---|
| 005 | 20250408063809.0 | ||
| 008 | 110315s2003 mx r 000 0 spa d | ||
| 020 | _a8478446877 | ||
| 035 | _aUPN01000179632 | ||
| 049 | _aCG | ||
| 050 | 4 |
_aPQ6656 E7.6 _bU4.7 |
|
| 100 | 1 |
_aPacheco, Miguel Angel, _d1944- _928585 |
|
| 245 | 1 | 3 |
_aEl último gigante / _cMiguel Fernández-Pacheco. |
| 260 |
_aMadrid : _bSiruela, _c2003. |
||
| 300 |
_a128 p. : _bil. |
||
| 440 | 4 |
_aLas tres edades ; _v99 |
|
| 650 | 0 |
_aLiteratura juvenil española _912359 |
|
| 650 | 4 |
_aLiteratura española _ySiglo XX _95886 |
|
| 905 | _aLibro | ||
| 999 |
_c151735 _d151735 |
||